[Event "2nd Sharjah Masters 2018"]
[Site "Sharjah"]
[Date "2018.04.12"]
[Round "1"]
[White "Narayanan S L"]
[Black "Bharath Subramaniyam H"]
[Result "1-0"]
[WhiteElo "2568"]
[BlackElo "1997"]
[Annotator "TA"]
[PlyCount "113"]
[EventDate "2018.??.??"]
[EventType "swiss"]
[EventCountry "UAE"]
[SourceTitle "playchess.com"]
[Source "ChessBase"]
[SourceQuality "1"]

{[%evp 21,112,20,29,14,33,26,37,29,77,58,79,68,124,135,117,75,124,94,88,85,85,85,85,86,89,79,87,89,74,70,145,144,152,131,117,120,124,86,107,23,66,52,150,86,118,123,326,322,1927,1913,1786,1137,988,460,808,460,438,435,472,460,435,431,627,619,776,762,698,495,883,734,1168,1136,1145,1158,1042,1034,1542,1430,5961,5616,29989,29990,29990,29991,29991,29992,29992,29993,29997,29998,29998,29999,29999]} 1. e4 c5 2. Nf3 e6 3. d4 cxd4 4. Nxd4 a6 5. Nc3 Qc7 6. Bd3 Nf6 7. O-O Be7 8. f4 d6 9. Kh1 O-O 10. Qe2 {B82: Sicilian Scheveningen: 6 f4} Nbd7 11. Bd2 b5 {LiveBook: 15 Games} 12. a4 {White has an edge.} bxa4 13. Nxa4 Bb7 14. Nb3 d5 $146 {[%cal Rd5e4]} ({Find the theoretical novelty and annotate with similar games:} 14... Rfb8 15. Ba5 Qc6 16. Nd4 {1-0 (30) Predojevic,B (2546)-Siebrecht,S (2408) Cappelle-la-Grande 2005}) 15. e5 {Hoping for Ba5.} Ne4 16. Ba5 Qc6 (16... Qb8 $14) 17. Nd4 $16 Qc8 18. f5 Bc5 19. Nxc5 Qxc5 20. c3 {aiming for Bb4.} Rfe8 21. Bb4 Qb6 22. fxe6 Nxe5 23. Bxe4 dxe4 24. exf7+ Nxf7 25. Nf5 $1 {Qg4 is the strong threat.} Qe6 (25... Kh8 $14) 26. Bc5 $40 {[%mdl 128] Black is in trouble.} g6 27. Ne3 {Strongly threatening Ng4.} Ne5 28. h3 a5 29. b3 a4 {And now ...Ba6 would win.} (29... Qxb3 $6 30. Qf2 $11) 30. b4 ({Don't play} 30. Rxa4 $6 Rxa4 31. bxa4 Ba6 $11) ({Much worse is} 30. bxa4 $6 Ba6 $11) ({Better is} 30. Bd4 $16) 30... a3 31. b5 a2 {[#]} (31... Bd5 $1 $14) 32. Bd4 (32. c4 $142 $1) 32... Nf3 33. gxf3 Qxh3+ $2 {[#]} (33... exf3 $16 {was worth a try.} 34. Qc4 Qxc4 35. Nxc4 Re2) 34. Qh2 $1 $18 {[%cal Rh2h3]} Qd7 $2 (34... Qxh2+ 35. Kxh2 exf3) 35. Ng4 {Nh6+ would kill now.} Re6 36. Qf4 {[%cal Rg4h6]} h5 37. Nh6+ Kh7 38. Qf7+ Qxf7 39. Nxf7 Re7 40. Ng5+ Kh6 41. Nxe4 Rf8 (41... Ra5 $142 42. b6 Ra8) 42. Be3+ Kg7 43. Bc5 Rxf3 44. Bxe7 Re3 (44... Rxf1+ $142 45. Rxf1 Bxe4+ 46. Kg1 Bd3) 45. Kg1 Rxe4 46. Bf6+ Kh6 47. Rxa2 Rg4+ 48. Kh2 Bd5 49. Rd2 Bb7 50. Rg1 Ra4 51. Bg5+ {White mates.} Kh7 52. Rd7+ Kh8 53. Bf6+ Kg8 54. Rxb7 Rg4 55. Rd1 {[%cal Rd1d8]} Re4 56. Rd8+ Re8 57. Rxe8# {Precision: White = 88%, Black = 34%.} 1-0

[Event "2nd Sharjah Masters 2018"]
[Site "Sharjah"]
[Date "2018.04.12"]
[Round "1"]
[White "Abdusattorov, Nodirbek"]
[Black "Kakulidis, Ellen"]
[Result "1-0"]
[WhiteElo "2540"]
[BlackElo "1975"]
[Annotator "TA"]
[PlyCount "79"]
[EventDate "2018.??.??"]
[EventType "swiss"]
[EventCountry "UAE"]
[SourceTitle "playchess.com"]
[Source "ChessBase"]
[SourceQuality "1"]

{[%evp 16,78,22,19,56,28,51,53,58,54,182,96,97,95,91,89,87,83,97,85,114,113,105,127,100,73,66,0,0,0,0,5,1,0,56,58,64,67,79,66,155,154,310,296,515,441,441,314,1740,1725,29992,29993,29993,29994,29994,29995,29995,29996,29996,29997,29997,29998,29998,29999,29999]} 1. d4 d5 2. c4 e6 3. Nc3 Be7 4. Nf3 Nf6 5. Bg5 h6 6. Bh4 O-O 7. e3 b6 8. cxd5 exd5 9. Bd3 {LiveBook: 114 Games} Re8 {D58: Queen's Gambit Declined: Tartakower Defence} (9... Bb7 10. O-O c5 11. Ne5 Nbd7 12. Bf5 Nxe5 13. dxe5 Ne8 14. Bg3 g6 15. Bc2 Qd7 16. Qe2 Nc7 17. Rad1 Rad8 18. Rfe1 b5 19. Ne4 Ne8 20. f4 {½-½ (40) Benlloch Guirau,A (2429)-Jimenez Molina,G (2382) ICCF email 2016}) 10. O-O Ne4 $146 ({Predecessor:} 10... Bb7 11. Ne5 a6 12. Qf3 Nbd7 13. Rad1 Nxe5 14. dxe5 Nd7 15. Bg3 c6 16. Qh5 Bc5 {½-½ (43) Freeke,M (2315)-Colijn,S (2174) Vlissingen 2010}) 11. Bxe7 Rxe7 {White is slightly better.} 12. Qc2 {[%cal Rc3e4]} Ba6 (12... Bb7 $14) 13. Bxa6 ({White should play} 13. Nxe4 $18 Bxd3 14. Nf6+ $1 {[%mdl 512]} gxf6 15. Qxd3) 13... Nxa6 $16 14. Ne5 {Nc6 is the strong threat.} Nb8 15. Nxe4 dxe4 16. Qxe4 Nd7 17. f4 Nxe5 18. dxe5 Qe8 19. Rad1 Rd8 20. Rd4 c5 21. Rd3 ({Better is} 21. Rdd1 $14) 21... Rxd3 $11 22. Qxd3 {[%mdl 4096] Endgame Threatening Rd1. KQR-KQR} Rd7 23. Qb3 Qe6 24. Qa4 Qd5 (24... Qf5 $11) 25. h3 $14 Qd3 26. Kh2 Kf8 {Hoping for ...b5.} 27. Rf3 Qd1 (27... Qd5 $14) 28. Qe4 $16 {Black must now prevent Qh7.} Qd5 $2 {[#]} (28... Kg8 $16 29. e6 fxe6) 29. Qh7 $1 $18 Qxa2 $2 (29... Qe6 30. Qh8+ Ke7) 30. Qh8+ Ke7 31. Qxg7 {Strongly threatening Qf6+.} Qxb2 $2 (31... Kd8 32. Rg3 (32. Qxh6 Kc7 $18) 32... Kc7 33. Qxh6 Qxb2) 32. Qf6+ Ke8 33. Rg3 {[%cal Rg3g8] White mates.} Rd2 34. Rg8+ Kd7 35. Rd8+ Kc7 36. Qe7+ Kc6 37. Qe8+ Kc7 38. Rc8+ Kb7 39. Rb8+ Ka6 40. Qa4# {Precision: White = 77%, Black = 28%.} 1-0

[Event "2nd Sharjah Masters 2018"]
[Site "Sharjah"]
[Date "2018.04.12"]
[Round "1"]
[White "Vishnu Prasanna  V"]
[Black "Polakhare Aryan"]
[Result "1-0"]
[WhiteElo "2510"]
[BlackElo "1966"]
[Annotator "TA"]
[PlyCount "77"]
[EventDate "2018.??.??"]
[EventType "swiss"]
[EventCountry "UAE"]
[SourceTitle "playchess.com"]
[Source "ChessBase"]
[SourceQuality "1"]

{[%evp 18,77,23,20,18,19,68,30,45,30,55,59,52,43,27,23,50,49,81,37,39,31,35,29,32,0,112,64,75,81,311,313,327,300,274,304,443,385,497,502,442,390,601,601,1139,1134,29990,29991,29991,29992,29992,1521,1331,1273,1358,1470,1335,1344,1323,1216,1466,1327]} 1. Nf3 Nf6 2. c4 b6 3. Nc3 Bb7 4. d4 e6 5. e3 Bb4 6. Bd2 O-O 7. Bd3 d5 8. cxd5 exd5 9. O-O Re8 {E52: Nimzo-Indian: Rubinstein: 4...0-0 5 Nf3 d5 6 Bd3 b6} (9... Be7 10. Ne5 c5 11. f4 Nc6 12. Qf3 cxd4 13. Nxc6 Bxc6 14. exd4 Ne4 15. Be3 Re8 16. Rac1 Bf6 17. f5 {½-½ (54) Yu,Y (2751)-Wang,H (2709) Riadh 2017}) 10. Ne5 {LiveBook: 3 Games} c5 11. a3 cxd4 $146 {The position is equal.} ({Predecessor:} 11... Bxc3 12. Bxc3 Nbd7 13. Nxd7 Nxd7 14. dxc5 bxc5 15. Qh5 h6 16. Rac1 c4 17. Bc2 Nf6 {1-0 (38) Lalics,A (1915)-Tarnowski,R (1975) ICCF email 2014}) 12. exd4 Bd6 13. Nb5 {[%cal Bc3b5,Bb5d6,Bd6f5][%mdl 32] Threatens to win with Bf4.} Bxe5 14. dxe5 Rxe5 15. Bf4 Re7 16. Rc1 Nc6 17. Nd6 {[%mdl 1024] White has compensation.} Na5 $1 18. Nf5 Re6 $1 19. Nd4 Re8 $1 20. Bc7 Qe7 $1 21. Nf5 Qd7 (21... Qe6 $1 $11) 22. Qd2 {Strongly threatening Qg5.} Ne4 23. Qf4 $1 $40 {[%cal Rf4g4][%mdl 128] And now Qg4 would win. White wants a kill.} ({Inferior is} 23. Bxe4 Rxe4 24. f3 Rc4 $17) 23... Bc8 $2 {[#]} (23... f6 $16 {was worth a try.}) 24. Nxg7 $1 $18 {[%mdl 512]} Kxg7 25. f3 Qf5 {...Qxf4 is the strong threat.} 26. fxe4 dxe4 (26... Qxf4 $142 27. Rxf4 dxe4 28. Bxe4 Bb7) 27. Qh4 ({Less strong is} 27. Qxf5 Bxf5 28. Bb5 Nb3 $16) 27... Qg6 28. Be2 {Hoping for Bh5.} Bf5 29. Rc3 {aiming for Rg3.} Qe6 (29... e3 $142 30. Bh5 Qe6) 30. b4 Nb7 31. Bc4 Qe7 32. Rg3+ Bg6 {[#]} 33. Rxg6+ $1 {[%mdl 512]} Kh8 {[#]} (33... fxg6 34. Be5+) 34. Rg4 (34. Qh5 $142 $3 {[%mdl 512]} f5 35. Re6 Qxe6 36. Bxe6 Nd6 37. Bxf5 Nxf5 38. Rxf5 Rad8 39. Bxd8) 34... Qxh4 {White is clearly winning.} 35. Rxh4 Re7 36. Rxf7 Rxf7 37. Bxf7 {[%cal Rc7e5]} Kg7 38. Bd5 Rc8 39. Be5+ {Precision: White = 67%, Black = 35%.} 1-0

[Event "2nd Sharjah Masters 2018"]
[Site "Sharjah"]
[Date "2018.04.12"]
[Round "1"]
[White "Erigaisi Arjun"]
[Black "Ali, Abdulaziz"]
[Result "1-0"]
[WhiteElo "2481"]
[BlackElo "1877"]
[Annotator "TA"]
[PlyCount "53"]
[EventDate "2018.??.??"]
[EventType "swiss"]
[EventCountry "UAE"]
[SourceTitle "playchess.com"]
[Source "ChessBase"]
[SourceQuality "1"]

{[%evp 18,53,97,85,134,118,220,202,233,238,241,170,163,154,191,175,176,195,186,181,195,194,195,206,200,191,238,241,372,346,420,405,530,541,534,529,504,485]} 1. d4 Nf6 2. Bg5 Ne4 3. Bf4 c5 4. f3 Nf6 5. dxc5 Qa5+ 6. Nc3 Qxc5 7. e4 d6 8. Qd2 a6 {A45: Trompowsky Attack} (8... Nbd7 9. Be3 Qc6 10. Nge2 e5 11. Nc1 Be7 12. Be2 O-O 13. a4 Nb6 14. N1a2 d5 15. Bb5 Qd6 16. a5 {1-0 (54) Vitiugov,N (2742)-Cheparinov,I (2682) Dubai 2014}) 9. O-O-O Nbd7 10. g4 {[%cal Bg2g4,Bg4g5][%mdl 32] LiveBook: 10 Games} b5 {White is better.} 11. g5 b4 $146 (11... Nh5 $16 {is a better defense.}) ({Predecessor:} 11... Nh5 12. Be3 Qc6 13. f4 g6 14. Be2 Ng7 15. Bf3 e5 16. f5 Bb7 17. Nd5 O-O-O 18. Ne2 gxf5 19. exf5 e4 20. Bxe4 Qc4 21. Qa5 Nxf5 22. b3 {1-0 (22) Guerrero,S (2334)-Pereira,A (1999) Ourense 2006}) 12. Na4 $18 ({Inferior is} 12. gxf6 bxc3 13. Qxc3 Qxc3 $11) 12... Qa5 13. gxf6 Qxa4 14. fxe7 Bxe7 15. Bc4 {[#] Hoping for Qd5.} ({Reject} 15. Bxd6 $6 Qxa2 16. Qxb4 Rb8 $14) 15... Nb6 16. Bb3 Qc6 17. Ne2 a5 18. Bxd6 Bxd6 19. Qxd6 Qxd6 20. Rxd6 Rb8 21. Rhd1 Ke7 {With the idea ...a4.} 22. Nf4 {Threatens to win with Rxb6!} Nd7 (22... a4 {was necessary.}) 23. Rc6 Rd8 {Black hopes to continue with ...Ne5.} 24. Nd5+ Ke8 25. Ba4 {White is clearly winning.} Kf8 {[#]} 26. Nb6 $1 {[%mdl 512]} Rxb6 27. Rxb6 {Precision: White = 100%, Black = 47%.} 1-0

[Event "2nd Sharjah Masters 2018"]
[Site "Sharjah"]
[Date "2018.04.12"]
[Round "1"]
[White "Vignesh N R"]
[Black "Bommini Mounika Akshaya"]
[Result "1-0"]
[WhiteElo "2475"]
[BlackElo "1831"]
[Annotator "TA"]
[PlyCount "81"]
[EventDate "2018.??.??"]
[EventType "swiss"]
[EventCountry "UAE"]
[SourceTitle "playchess.com"]
[Source "ChessBase"]
[SourceQuality "1"]

{[%evp 24,81,13,12,20,12,56,53,102,98,110,100,89,85,216,90,81,64,60,65,127,102,389,334,354,345,362,185,185,136,133,153,193,147,174,130,236,236,330,325,378,227,227,229,229,116,249,238,368,256,258,244,366,316,497,356,391,379,593,576]} 1. d4 d5 2. c4 c6 3. Nf3 Nf6 4. e3 Bf5 5. Bd3 Bxd3 6. Qxd3 e6 7. Nbd2 Nbd7 8. O-O Be7 9. Rd1 {D12: Slav Defence: 3 Nf3 Nf6 4 e3 Bf5} (9. b3 a5 10. a4 Bb4 11. Bb2 O-O 12. e4 Qe7 13. e5 Ng4 14. h3 Nh6 15. Bc3 Nf5 16. Bxb4 Qxb4 17. cxd5 cxd5 {½-½ (27) Grachev,B (2645)-Artemiev,V (2696) Sochi 2017}) 9... a5 10. e4 dxe4 11. Nxe4 O-O 12. Bf4 Nxe4 13. Qxe4 {LiveBook: 8 Games} Nf6 14. Qe2 h6 $146 ({Find the theoretical novelty and annotate with similar games:} 14... Qb6 15. Rd3 a4 {1-0 (29) Hoelzl,F (2327)-Platzgummer,F (2311) Austria 2010}) 15. Rd3 Re8 16. Ne5 Bf8 17. Rad1 Qe7 18. Rg3 {Hoping for Bxh6.} Kh8 {[#]} (18... Kh7 $16 {might work better.}) 19. c5 (19. h4 $1 $18) 19... Red8 $16 20. Nc4 Nd5 21. Bc1 b6 (21... a4 $14) 22. Ne5 Rdc8 $2 {[%mdl 8192]} (22... Qe8 $16) 23. cxb6 {[#] Qh5 is the strong threat.} Rab8 24. Rf3 Nf6 25. Nc4 (25. g4 $142) 25... Nd5 $18 26. Bf4 Nxf4 27. Rxf4 {Black must now prevent Ne5.} Rb7 28. b3 Qe8 29. Re4 Qd8 (29... Rd8 $16 {was necessary.} 30. Re5 Rd5) 30. Re5 Ra8 31. Qf3 Qc8 32. Rxa5 Rxa5 33. Nxa5 Rxb6 34. Rc1 ({White should try} 34. Nc4 $18 Rb7 35. Ne5) 34... Qd7 (34... Ra6 $16) 35. Nxc6 f6 (35... Ba3 {was called for.} 36. Ne5 Qxd4 37. Nxf7+ Kh7) 36. g3 Ba3 37. Rc4 Bd6 (37... Qd5 {is a better defense.} 38. Qc3 Qf5) 38. d5 e5 (38... Ba3 $142) 39. b4 Ra6 40. Qb3 Qb7 (40... Qf7 $142 41. Rc1 Ra8) 41. a4 {Precision: White = 47%, Black = 27%.} 1-0

[Event "2nd Sharjah Masters 2018"]
[Site "Sharjah"]
[Date "2018.04.12"]
[Round "1"]
[White "Aditya Mittal"]
[Black "Kryvoruchko, Yuriy"]
[Result "0-1"]
[WhiteElo "2212"]
[BlackElo "2703"]
[Annotator "TA"]
[PlyCount "78"]
[EventDate "2018.??.??"]
[EventType "swiss"]
[EventCountry "UAE"]
[SourceTitle "playchess.com"]
[Source "ChessBase"]
[SourceQuality "1"]

{[%evp 10,78,1,-5,2,2,2,6,2,0,32,0,0,-19,-5,-28,-20,-33,-27,-33,-38,-82,-48,-117,-70,-114,0,-315,-333,-344,-345,-344,-339,-333,-337,-366,-350,-546,-529,-536,-400,-394,-369,-355,-316,-340,-337,-479,-488,-470,-484,-512,-503,-513,-500,-491,-491,-602,-558,-840,-816,-869,-915,-1571,-1486,-1414,-1384,-29975,-11351,-5987,-5139]} 1. d4 Nf6 2. c4 e6 3. Nf3 b6 4. Bf4 Bb7 5. e3 Bb4+ 6. Nfd2 {LiveBook: 147 Games} c5 {E12: Queen's Indian: Unusual White 4th moves, 4 a3, 4 Nc3 Bb7 5 a3 and 4 Nc3 Bb7} (6... d6 7. a3 Bxd2+ 8. Nxd2 Nbd7 9. Bg3 Qe7 10. f3 e5 11. d5 e4 12. f4 Ng8 13. Qc2 f5 14. Nb3 {1-0 (44) Lupulescu,C (2620)-Jobava,B (2705) Heraklio 2017}) 7. a3 Bxd2+ 8. Qxd2 (8. Kxd2 cxd4 9. exd4 d5 $17) 8... cxd4 {The position is equal.} 9. Qxd4 O-O 10. Nc3 Nc6 {[%cal Bb8c6,Bc6a5,Ba5b3][%mdl 32]} 11. Qd3 Rc8 12. Nb5 $146 ({Predecessor:} 12. Rb1 Na5 13. Bd6 Re8 14. b3 {½-½ (27) Fuller,W (2407)-Neves,B (2183) ICCF email 2015}) 12... d5 $1 $36 {[%mdl 2048] Black is pushing.} 13. Nd6 dxc4 14. Qd1 Na5 $1 15. Rc1 {[#]} b5 $1 {[%mdl 512]} 16. b4 (16. Nxc8 $15 Qxc8 17. Qe2) (16. Nxb5 Qb6) 16... Nb3 $1 $17 {White must now prevent ...Qe7.} 17. Nxb7 Qb6 (17... Qe7 $1 $17 {[%cal Re7b7]} 18. Nc5 (18. Nd6 Rcd8 $17) 18... Rfd8) 18. Nc5 $2 {[%mdl 8192]} (18. Na5 $1 $11 {and White stays safe.} Rfd8 19. Qc2 Nxc1 20. Qxc1) 18... Rxc5 $19 19. bxc5 Qa5+ 20. Ke2 {[#]} Rd8 $1 {[%cal Rd8d1]} 21. Bd6 {[#]} Ne4 $1 ({Weaker is} 21... Nxc1+ 22. Qxc1 Ne4 23. g4 $11) ({Worse is} 21... Qxa3 22. Rc2 $11) 22. Qc2 Nbxc5 ({Not} 22... Nxd6 23. cxd6 Nxc1+ 24. Qxc1 $11) (22... Nxc1+ 23. Qxc1 Nxd6 24. cxd6 $15) 23. f3 (23. Rd1 $142 Rxd6 24. Rxd6 Nxd6 25. Qd2) 23... Nxd6 24. Rd1 Qxa3 25. Kf2 g6 26. Be2 {[#]} Nd3+ $1 27. Rxd3 (27. Bxd3 cxd3) 27... cxd3 28. Bxd3 (28. Qxd3 {was necessary.} Qxd3 29. Bxd3) 28... Rc8 29. Qd2 Nc4 30. Qe2 a5 {[%cal Ba7a5,Ba5a4][%mdl 32]} 31. Rb1 Qc5 32. Rc1 a4 33. Bxc4 bxc4 {[%mdl 4096] Endgame KQR-KQR} 34. Qa2 Qb4 35. Rb1 Qa5 36. Qa3 Qd2+ 37. Kg3 c3 {[%cal Bc4c3,Bc3c2][%mdl 32]} 38. Rb7 c2 39. Qe7 Rf8 {Precision: White = 36%, Black = 81%.} 0-1

[Event "2nd Sharjah Masters 2018"]
[Site "Sharjah"]
[Date "2018.04.12"]
[Round "1"]
[White "Abou El Zein, Eid Mahmoud"]
[Black "Naiditsch, Arkadij"]
[Result "0-1"]
[WhiteElo "2156"]
[BlackElo "2701"]
[Annotator "TA"]
[PlyCount "63"]
[EventDate "2018.??.??"]
[EventType "swiss"]
[EventCountry "UAE"]
[SourceTitle "playchess.com"]
[Source "ChessBase"]
[SourceQuality "1"]

{[%evp 20,63,31,30,44,19,22,-34,-28,-64,-70,-109,-104,-101,-92,-101,-99,-110,-112,-112,-129,-104,-60,-56,-70,-52,-56,-57,-34,-34,-34,-34,-34,-35,-37,-41,-43,-29979,-29980,-29980,-29981,-29979,-29980,-29980,-29981,-29999]} 1. c4 Nf6 2. Nc3 g6 3. d4 Bg7 4. e4 d6 5. f4 O-O 6. Nf3 c5 7. d5 e6 8. Be2 exd5 9. cxd5 Na6 10. O-O Nc7 11. a4 {LiveBook: 4 Games. A68: Modern Benoni: Four Pawns Attack without 9...Re8} (11. Nd2 b5 12. Nxb5 Nxb5 13. Bxb5 Rb8 14. Bc4 Ng4 15. Nf3 Bxb2 16. Bxb2 Rxb2 17. Qc1 Rb4 18. Re1 Nf6 19. e5 dxe5 20. fxe5 Nxd5 {1-0 (33) Gasanov,E (2536)-Boroday,S (2365) Poltava 2009}) 11... Re8 12. Bd3 a6 13. Qb3 $146 ({White should try} 13. h3 $11) ({Predecessor:} 13. Nd2 Ng4 14. Nf3 Rb8 15. h3 Nf6 16. a5 Bd7 17. Nd2 Nb5 18. Re1 Nxc3 19. bxc3 {0-1 (28) Fabrega,E (2260)-Roselli Mailhe,B (2350) Buenos Aires 1992}) 13... Bg4 $15 14. Nd2 Nh5 $1 15. Nc4 Bd4+ 16. Be3 b5 $1 {[%cal Rb5c4]} 17. axb5 axb5 18. Nxb5 Rxa1 19. Rxa1 Nxb5 20. Qxb5 {Strongly threatening Bxd4.} Bd7 21. Qb7 Bxe3+ 22. Nxe3 Nxf4 23. Bf1 {aiming for Ra7.} Bc8 24. Qc6 $1 {Hoping for Nc4.} Rxe4 {Threatens to win with ...Kg7.} 25. Nc4 Ne2+ 26. Bxe2 $1 Rxe2 27. Nxd6 Bb7 $1 $40 {[%cal Rb7c6][%mdl 128] Black mounts an attack.} 28. Nxb7 $4 {[%mdl 8192]} (28. Qxb7 $15 Qxd6 29. Rf1) 28... Qh4 $1 {Black mates.} 29. Rf1 {[#]} Qd4+ $1 30. Kh1 {[#]} Qf2 $3 {[%cal Rf2f1][%mdl 512]} 31. Rg1 (31. Rxf2 Re1+) 31... Re1 {[%csl Gf2][%cal Re1g1]} 32. h3 {Precision: White = 40%, Black = 92%.} 0-1

[Event "2nd Sharjah Masters 2018"]
[Site "Sharjah"]
[Date "2018.04.12"]
[Round "1"]
[White "Bhambure, Shantanu"]
[Black "Eljanov, Pavel"]
[Result "0-1"]
[WhiteElo "2155"]
[BlackElo "2700"]
[Annotator "TA"]
[PlyCount "86"]
[EventDate "2018.??.??"]
[EventType "swiss"]
[EventCountry "UAE"]
[SourceTitle "playchess.com"]
[Source "ChessBase"]
[SourceQuality "1"]

{[%evp 29,86,25,21,21,32,32,27,24,32,23,20,13,30,39,33,36,35,25,27,19,7,19,45,14,13,-37,-15,-22,-27,-25,-25,-35,-25,-25,-8,-16,-40,-39,-56,-108,-92,-115,-118,-208,-202,-213,-247,-274,-250,-383,-243,-561,-547,-735,-729,-701,-689,-1067,-1044]} 1. d4 Nf6 2. c4 e6 3. Nf3 b6 4. a3 Bb7 5. Nc3 d5 6. Bg5 Be7 7. Qa4+ c6 8. Bxf6 Bxf6 9. cxd5 exd5 10. g3 O-O 11. Bg2 Re8 12. O-O Na6 {E12: Queen's Indian: Unusual White 4th moves, 4 a3, 4 Nc3 Bb7 5 a3 and 4 Nc3 Bb7} 13. Rfd1 Nc7 14. Rac1 g6 15. e3 Bg7 {LiveBook: 5 Games} 16. Ne1 {[#]} Qe7 $146 ({Predecessor:} 16... h5 17. Ne2 h4 18. Nf4 hxg3 19. hxg3 Qd6 20. Ned3 {½-½ (46) Gabriel,C (2581)-Gurevich,M (2629) Bad Godesberg 1999}) 17. Nd3 Red8 18. b4 Qe8 19. Qb3 Ba6 20. Nb2 Bc8 21. a4 Be6 22. Nd3 Rab8 23. Qc2 Rbc8 24. Qb2 Bg4 25. Rd2 Ne6 26. h3 Bf5 27. g4 {[#]} Be4 $1 {[%mdl 512]} 28. Nxe4 dxe4 29. Ne5 $1 (29. Bxe4 $2 Nxd4 30. exd4 Bxd4 $19) 29... c5 30. bxc5 $1 Bxe5 31. dxe5 Nxc5 32. Rd4 Nxa4 33. Rxc8 Rxc8 (33... Nxb2 $2 {loses.} 34. Rdxd8 Qxd8 35. Rxd8+ $18) 34. Qd2 (34. Qa1 $15 Nc3 35. Bf1) 34... Nc5 $17 35. Rd5 a5 36. Qd4 {[#]} (36. Bf1 $17) 36... a4 $1 $19 {[%cal Ra4a3] White must now prevent ...a3.} 37. Bxe4 Nxe4 38. Qxe4 {[%mdl 4096] Endgame [#] KQR-KQR} a3 $1 39. Rd2 (39. Rd1 {was the only chance.}) 39... Qc6 40. Qb4 $2 (40. Qd3 Ra8 41. Ra2) 40... Qc5 {Black is clearly winning.} 41. Qb3 Qc1+ 42. Rd1 {[#]} a2 $1 {[%mdl 512]} 43. e6 (43. Qxa2 Qxd1+) 43... a1=Q {Precision: White = 42%, Black = 78%.} 0-1

[Event "2nd Sharjah Masters 2018"]
[Site "Sharjah"]
[Date "2018.04.12"]
[Round "1"]
[White "Ajay Karthikeyan"]
[Black "Kravtsiv, Martyn"]
[Result "0-1"]
[WhiteElo "2127"]
[BlackElo "2680"]
[Annotator "TA"]
[PlyCount "80"]
[EventDate "2018.??.??"]
[EventType "swiss"]
[EventCountry "UAE"]
[SourceTitle "playchess.com"]
[Source "ChessBase"]
[SourceQuality "1"]

{[%evp 18,80,67,61,90,40,68,52,63,64,97,101,105,90,122,122,124,120,106,-8,-15,-18,-2,-1,-10,-7,0,0,0,-32,-9,-52,-40,-61,-39,-358,-355,-360,-352,-345,-284,-281,-278,-281,-233,-722,-634,-692,-648,-12394,-363,-6946,-8448,-29982,-29983,-29983,-29984,-29983,-29984,-29985,-29986,-29988,-5137,-2116,-1558]} 1. d4 Nf6 2. Bf4 d5 3. e3 c5 4. c3 Nc6 5. Nd2 e6 6. Ngf3 Bd6 7. Bg3 Qe7 8. Ne5 Bxe5 {D02: 1 d4 d5 2 Nf3 sidelines, including 2...Nf6 3 g3 and 2...Nf6 3 Bf4} 9. dxe5 Nd7 10. f4 {LiveBook: 4 Games} (10. Bb5 O-O 11. Bxc6 bxc6 12. c4 Nb6 13. b3 a5 14. O-O a4 15. Qc2 axb3 16. axb3 {1-0 (47) Kamsky,G (2676)-Popov,I (2609) Sochi 2017}) 10... b6 {White is slightly better.} 11. Bd3 Bb7 12. O-O O-O-O 13. Qe2 f5 14. exf6 gxf6 15. e4 d4 16. e5 fxe5 17. fxe5 dxc3 $146 18. Nc4 (18. bxc3 $16 {Hoping for Nc4.} Ndxe5 19. Bc2 (19. Bxe5 Nxe5 20. Be4 Rhg8 $15)) 18... Nd4 $11 19. Qh5 cxb2 20. Rab1 $132 {[%mdl 2048] White puts up resistance} Rdf8 21. Nd6+ Kc7 22. Rxb2 Rxf1+ 23. Kxf1 Rf8+ 24. Rf2 Bd5 25. a3 {[#]} c4 $1 {[%mdl 512]} 26. Bxc4 $2 {[%mdl 8192]} (26. Bxh7 $15 c3 27. Kg1) 26... Bxc4+ $19 27. Nxc4 Qc5 28. Ne3 Qxa3 29. Rxf8 Qxf8+ ({Don't take} 29... Nxf8 30. Qf7+ Nd7 31. Bf4 $19) 30. Bf2 Qc5 31. g4 $2 (31. Kg1) 31... Qc1+ 32. Kg2 Qc6+ 33. Kg1 Ne2+ 34. Kf1 Nf4 {[#] ( -> ...Qc1+)} 35. Qxh7 Qc1+ 36. Be1 Qxe3 37. Qc2+ Nc5 38. Bg3 Qf3+ 39. Qf2 Qd1+ (39... Qd3+ $142 40. Kg1 Nh3+ 41. Kg2 Nxf2 42. Kxf2 Ne4+ 43. Kg2 Qd2+ 44. Kf1 Nxg3+ 45. hxg3 a5 46. g5 a4 47. g4 a3 48. Kg1 a2 49. Kh1 a1=Q#) 40. Qe1 Qxg4 {Precision: White = 54%, Black = 52%.} 0-1

[Event "2nd Sharjah Masters 2018"]
[Site "Sharjah"]
[Date "2018.04.12"]
[Round "1"]
[White "Maroroa, Sue"]
[Black "Kuzubov, Yuriy"]
[Result "1-0"]
[WhiteElo "2102"]
[BlackElo "2663"]
[Annotator "TA"]
[PlyCount "26"]
[EventDate "2018.??.??"]
[EventType "swiss"]
[EventCountry "UAE"]
[SourceTitle "playchess.com"]
[Source "ChessBase"]
[SourceQuality "1"]

{[%evp 1,1,23]} 1. e4 {Predecessor:} e5 $146 2. Nf3 Nc6 3. Bc4 Bc5 4. Nc3 Nf6 5. d3 a6 6. Nd5 Nxd5 7. Bxd5 d6 8. Be3 Bxe3 9. fxe3 O-O 10. O-O Nb8 11. b4 Nd7 12. Qd2 c6 13. Bb3 a5 {1-0 (37) Kramnik,V (2800)-Aronian,L (2794) Berlin 2018} 1-0